| Tag |
First Indicator |
Second Indicator |
Subfields |
| LEADER |
00000cam a2200000 a 4500 |
| 001 |
in00000008113 |
| 005 |
20151002070141.0 |
| 008 |
861021s1987 nju b 00110 eng |
| 010 |
|
|
|a 86025090
|
| 020 |
|
|
|a 0887381170 :
|c $29.95
|
| 035 |
|
|
|a (OCoLC)14692565
|
| 035 |
|
|
|9 AAA0470AM
|
| 040 |
|
|
|a DLC
|c DLC
|d TXA
|d UtOrBLW
|
| 043 |
|
|
|a a-is---
|
| 050 |
0 |
0 |
|a HC415.25
|b .S49 1987
|
| 082 |
0 |
|
|a 338.95694/054
|2 19
|
| 100 |
1 |
|
|a Sharkansky, Ira.
|
| 245 |
1 |
4 |
|a The political economy of Israel /
|c Ira Sharkansky.
|
| 264 |
|
1 |
|a New Brunswick, N.J., U.S.A. :
|b Transaction Books,
|c [1987]
|
| 264 |
|
4 |
|c ©1987
|
| 300 |
|
|
|a xi, 157 pages ;
|c 24 cm.
|
| 336 |
|
|
|a text
|b txt
|2 rdacontent
|
| 337 |
|
|
|a unmediated
|b n
|2 rdamedia
|
| 338 |
|
|
|a volume
|b nc
|2 rdacarrier
|
| 504 |
|
|
|a Includes bibliographies and index.
|
| 536 |
|
|
|a Dr. Paul P. Van Riper Collection Department of Political Science.
|
| 651 |
|
0 |
|a Israel
|x Economic policy.
|
| 999 |
|
|
|a MARS
|
| 999 |
f |
f |
|s ca3d49d5-ef59-3902-9bfa-a8b128561e2b
|i 04e10c30-c214-3426-9a1e-83e570972b7e
|t 0
|
| 952 |
f |
f |
|p ric
|a Texas A&M University
|b Rellis Campus
|c Joint Library Facility
|d Remote Storage
|t 0
|e HC415.25 .S49 1987
|h Library of Congress classification
|i unmediated -- volume
|m A14812628031
|
| 998 |
f |
f |
|a HC415.25 .S49 1987
|t 0
|l Remote Storage
|